[Event "AI Cup Div 3 W"]
[Site "chess.com INT"]
[Date "2023.09.29"]
[Round "6.2"]
[White "Sevian, Samuel"]
[Black "Mamedov, Rauf"]
[Result "1/2-1/2"]
[WhiteTitle "GM"]
[BlackTitle "GM"]
[WhiteElo "2698"]
[BlackElo "2640"]
[WhiteFideId "2040506"]
[BlackFideId "13401653"]
[EventDate "2023.09.25"]
[EventType "k.o."]

1. Nf3 c5 2. c3 Nf6 3. d4 cxd4 4. cxd4 d5 5. Nc3 Nc6 6. Bf4 Bf5 7. e3 e6 8. Qb3
Bb4 9. Bb5 O-O 10. Bxc6 Bxc3+ 11. Qxc3 Rc8 12. Ne5 Ng4 13. Nxg4 Bxg4 14. Qb4
Rxc6 15. Qxb7 Qc8 16. Qxc8 Rfxc8 17. O-O Be2 18. Rfe1 Rc2 19. b3 R8c6 20. Bb8
Ra6 21. a4 h5 22. h4 Rb6 23. Bxa7 Rxb3 24. a5 Rbb2 25. Reb1 Rxb1+ 26. Rxb1 Ra2
27. Rb8+ Kh7 28. Bb6 Bc4 29. Rb7 Kg6 30. Ra7 Bd3 31. Bc5 Bc4 32. Bd6 Bd3 33. Be5
Bc4 34. Bg3 Bd3 35. Kh2 Bc4 36. Ra8 Bd3 37. Bd6 Bc4 38. Kg3 Bd3 39. Be5 Bf1 40.
Rg8 f6 41. Bc7 Bd3 42. Bb6 Bc4 43. Rh8 Bf1 44. Ra8 Kf5 45. Rf8 Kg6 46. Bc7 Rc2
47. Bb6 Ra2 48. Bd8 Rc2 49. Be7 Ra2 50. Bb4 Rb2 51. Bc5 Ra2 52. Ra8 Kf5 53. Be7
Bd3 54. Rh8 Kg6 55. Bd8 Bf1 56. Re8 Kf5 57. Re7 g5 58. Rf7 gxh4+ 59. Kxh4 Bxg2
60. Rxf6+ Ke4 61. Rxe6+ Kd3 62. Kxh5 Rxf2 63. a6 Ra2 64. Rc6 Bf1 65. Bg5 Ke4 66.
Re6+ Kf3 67. Rf6+ Kg2 68. Bh4 Rxa6 69. Rf2+ Kg1 70. Rd2 Re6 71. Bg3 Re4 72. Bf4
Bg2 73. Kg4 Re8 74. Be5 Rg8+ 75. Kf5 Be4+ 76. Ke6 Rg6+ 77. Bf6 Rg3 78. Bh4 Rf3
79. Bg5 Kf1 80. Bf4 Rf2 81. Rd1+ Kg2 82. Ke5 Rf1 83. Rd2+ Rf2 84. Rd1 Rf1 85.
Rd2+ Rf2 86. Rd1 1/2-1/2

[Event "AI Cup Div 3 W"]
[Site "chess.com INT"]
[Date "2023.09.29"]
[Round "7.2"]
[White "Sevian, Samuel"]
[Black "Mamedov, Rauf"]
[Result "1-0"]
[WhiteTitle "GM"]
[BlackTitle "GM"]
[WhiteElo "2698"]
[BlackElo "2640"]
[WhiteFideId "2040506"]
[BlackFideId "13401653"]
[EventDate "2023.09.25"]
[EventType "k.o."]

1. d4 Nf6 2. Nf3 g6 3. Nbd2 Bg7 4. e4 O-O 5. Bd3 d6 6. O-O Nc6 7. c3 e5 8. dxe5
Nxe5 9. Nxe5 dxe5 10. Nc4 Qe7 11. a4 Rd8 12. Qc2 Nh5 13. Re1 Be6 14. Bf1 Nf4 15.
Be3 h5 16. Na5 c6 17. Rad1 h4 18. h3 Qc7 19. b4 c5 20. Nc4 cxb4 21. cxb4 b6 22.
Rc1 Rac8 23. Qb1 Qe7 24. Kh1 g5 25. f3 Nh5 26. Kh2 Ng3 27. Bd3 Bf8 28. Nb2 f6
29. Rxc8 Rxc8 30. Bd2 Qd7 31. Rc1 Rd8 32. Qc2 Bf7 33. Be1 Qd4 34. Bc3 Qd7 35.
Bb5 Qc7 36. Qb1 Qe7 37. Bc4 Bxc4 38. Nxc4 Qe6 39. Ne3 Nh5 40. Rc2 Nf4 41. Bd2
Qd7 42. Ng4 Bg7 43. Bxf4 gxf4 44. b5 Qd3 45. Qa2+ Kh8 46. Rc6 Qd1 47. Qf2 Kg8
48. Nxf6+ Kf7 49. Nd5 Rxd5 50. exd5 e4 51. Rc7+ Kg8 52. Qxh4 Qxd5 53. Qg4 1-0